000 00242nam a2200097Ia 4500
001 1164475
005 20250827011722.0
008 250824s9999 xx 000 0 und d
245 0 _aBİR DEDENİN KALBİ
_cIRENA TREVİSAN
260 _bKETEBE
999 _c1164475
_d1164475